[Event "GER-ch U10 Girls"]
[Site "Willingen"]
[Date "2019.06.13"]
[Round "8"]
[White "Mirnaya, Veronika"]
[Black "Oellrich, Emma"]
[Result "1-0"]
[WhiteElo "1237"]
[BlackElo "1484"]
[PlyCount "53"]
[EventDate "2019.06.08"]
[EventType "swiss"]
[EventRounds "11"]
[EventCountry "GER"]
[SourceTitle "EXT 2020"]
[Source "ChessBase"]
[SourceDate "2019.10.17"]
[SourceVersion "1"]
[SourceVersionDate "2019.10.17"]
[SourceQuality "1"]

1. d4 e6 2. Bf4 c5 3. e3 d5 4. c3 Nc6 5. Nf3 Nf6 6. Nbd2 cxd4 7. cxd4 Bd6 8. Bg3 0-0 9. Bd3 Re8 10. Ne5 Qc7 11. f4 Bxe5 12. dxe5 Nd7 13. 0-0 Qb6 14. Re1 Qxb2 15. Nf3 f6 16. exf6 Nxf6 17. Bh4 Rf8 18. Rb1 Qxa2 19. Bxf6 gxf6 20. Nh4 f5 21. g4 Kh8 22. gxf5 exf5 23. Qh5 Rg8+ 24. Kh1 d4 25. e4 fxe4 26. Bxe4 Bg4 27. Qxh7# 1-0

[Event "GER-ch U10 Girls"]
[Site "Willingen"]
[Date "2019.06.09"]
[Round "2"]
[White "Richter, Johanna"]
[Black "Oellrich, Emma"]
[Result "0-1"]
[WhiteElo "936"]
[BlackElo "1484"]
[PlyCount "42"]
[EventDate "2019.06.08"]
[EventType "swiss"]
[EventRounds "11"]
[EventCountry "GER"]
[SourceTitle "EXT 2020"]
[Source "ChessBase"]
[SourceDate "2019.10.17"]
[SourceVersion "1"]
[SourceVersionDate "2019.10.17"]
[SourceQuality "1"]

1. d4 e6 2. Bf4 c5 3. e3 d5 4. c3 Nc6 5. Bd3 Bd6 6. Bg3 Nf6 7. Nf3 0-0 8. Nbd2 Re8 9. Qc2 cxd4 10. exd4 e5 11. dxe5 Nxe5 12. Nxe5 Bxe5 13. 0-0-0 Bd7 14. Kb1 Qb6 15. Rc1 Rac8 16. Bxe5 Rxe5 17. Nf3 Ree8 18. Ng5 h6 19. Bh7+ Kf8 20. Nxf7 Kxf7 21. Qg6+ Kf8 0-1

[Event "GER-ch U10 Girls"]
[Site "Willingen"]
[Date "2018.05.25"]
[Round "10"]
[White "Braeutigam, Katerina"]
[Black "Oellrich, Emma"]
[Result "1-0"]
[WhiteElo "1486"]
[BlackElo "1162"]
[PlyCount "83"]
[EventDate "2018.05.19"]
[EventType "swiss"]
[EventRounds "11"]
[EventCountry "GER"]
[SourceTitle "CBM 184 Extra"]
[Source "ChessBase"]
[SourceDate "2018.06.28"]
[SourceVersion "1"]
[SourceVersionDate "2018.06.28"]
[SourceQuality "1"]

1. d4 e6 2. c4 b6 3. Nc3 Bb7 4. e3 Bb4 5. Bd2 f5 6. a3 Bxc3 7. Bxc3 Nf6 8. Nf3 0-0 9. b4 d5 10. cxd5 exd5 11. g3 Nbd7 12. Bg2 Ne4 13. Bb2 c5 14. bxc5 bxc5 15. dxc5 Qa5+ 16. Nd2 Qxd2+ 17. Qxd2 Nxd2 18. Kxd2 Nxc5 19. Kd1 Ne4 20. Ke1 Rac8 21. Bxe4 fxe4 22. Bc1 Rc2 23. Bd2 Rfc8 24. a4 a5 25. Rd1 Ra2 26. Bxa5 Rxa4 27. Bd2 d4 28. Rb1 Rac4 29. Rxb7 Rc1+ 30. Bxc1 Rxc1+ 31. Kd2 Rxh1 32. exd4 Rxh2 33. Ke2 Rh5 34. Re7 Ra5 35. Rxe4 Ra2+ 36. Kf3 Rd2 37. Rf4 Rd1 38. Ke4 Re1+ 39. Kd5 Re8 40. Kd6 Rd8+ 41. Ke7 Rd5 42. Rf8# 1-0

[Event "GER-ch U10 Girls"]
[Site "Willingen"]
[Date "2018.05.23"]
[Round "6"]
[White "Klonov, Sofia"]
[Black "Oellrich, Emma"]
[Result "0-1"]
[WhiteElo "1028"]
[BlackElo "1162"]
[PlyCount "88"]
[EventDate "2018.05.19"]
[EventType "swiss"]
[EventRounds "11"]
[EventCountry "GER"]
[SourceTitle "CBM 184 Extra"]
[Source "ChessBase"]
[SourceDate "2018.06.28"]
[SourceVersion "1"]
[SourceVersionDate "2018.06.28"]
[SourceQuality "1"]

1. e4 e6 2. d4 d5 3. exd5 exd5 4. Qf3 Nc6 5. Bb5 Be6 6. Ne2 Nf6 7. h3 Be7 8. Bf4 Ne4 9. Nd2 Ng5 10. Qg3 Rc8 11. 0-0 Bd7 12. Nc3 Nxd4 13. Bxd7+ Qxd7 14. Qd3 c5 15. Ne2 Nxe2+ 16. Qxe2 0-0 17. Rfe1 Rfe8 18. Qd3 c4 19. Qg3 Ne6 20. Bh6 Bf6 21. Re3 Nd4 22. Rxe8+ Rxe8 23. Nf3 Ne2+ 24. Kh2 Nxg3 25. fxg3 gxh6 26. Rf1 Bxb2 27. Nh4 Qa4 28. Nf5 Re6 29. Rf4 Qxc2 30. Rg4+ Kf8 31. Rg7 Bxg7 32. h4 Qxf5 33. Kg1 Qb1+ 34. Kh2 Qxa2 35. Kh3 c3 36. g4 c2 37. g5 c1Q 38. Kg4 d4 39. gxh6 Bxh6 40. g3 d3 41. h5 d2 42. Kf5 d1Q 43. g4 b5 44. g5 Qxg5# 0-1

[Event "GER-ch U10 Girls"]
[Site "Willingen"]
[Date "2018.05.23"]
[Round "7"]
[White "Oellrich, Emma"]
[Black "Ottlik, Marie"]
[Result "1-0"]
[WhiteElo "1162"]
[BlackElo "1190"]
[PlyCount "43"]
[EventDate "2018.05.19"]
[EventType "swiss"]
[EventRounds "11"]
[EventCountry "GER"]
[SourceTitle "CBM 184 Extra"]
[Source "ChessBase"]
[SourceDate "2018.06.28"]
[SourceVersion "1"]
[SourceVersionDate "2018.06.28"]
[SourceQuality "1"]

1. e4 d5 2. exd5 Nf6 3. d4 Nxd5 4. c4 Nb6 5. Nf3 Bf5 6. Nc3 e6 7. Bf4 Be7 8. Nb5 Bd6 9. Nxd6+ cxd6 10. c5 dxc5 11. dxc5 Qxd1+ 12. Rxd1 Nd5 13. Bb5+ Nc6 14. Bd6 a6 15. Ba4 b5 16. cxb6 Kd8 17. Bxc6 Rc8 18. b7 Rxc6 19. b8Q+ Rc8 20. Qb7 Bc2 21. Rxd5 exd5 22. Qe7# 1-0